[Event "Sarkany-Aranytiz GM"]
[Site "Budapest"]
[Date "2015.08.21"]
[Round "7.3"]
[White "Horvath, Csaba"]
[Black "Prasanna, Raghuram Rao"]
[Result "1/2-1/2"]
[BlackElo "2424"]
[WhiteElo "2540"]
[LiveChessVersion "1.4.6"]

1. d4 {[%clk 1:30:18]} Nf6 {[%clk 1:30:22]} 2. c4 {[%clk 1:30:18]} e6
{[%clk 1:30:48]} 3. Nf3 {[%clk 1:30:35]} d5 {[%clk 1:31:13]} 4. e3
{[%clk 1:30:26]} Nbd7 {[%clk 1:30:51]} 5. Nc3 {[%clk 1:28:59]} Bb4
{[%clk 1:30:27]} 6. a3 {[%clk 1:25:00]} Bxc3+ {[%clk 1:29:46]} 7. bxc3
{[%clk 1:25:28]} c5 {[%clk 1:30:03]} 8. cxd5 {[%clk 1:25:39]} exd5
{[%clk 1:30:28]} 9. c4 {[%clk 1:20:46]} O-O {[%clk 1:30:08]} 10. Bb2
{[%clk 1:20:00]} Ne4 {[%clk 1:24:13]} 11. cxd5 {[%clk 1:14:34]} Qa5+
{[%clk 1:13:52]} 12. Nd2 {[%clk 1:14:56]} cxd4 {[%clk 1:01:24]} 13. Bxd4
{[%clk 1:14:42]} Ndc5 {[%clk 1:01:41]} 14. Bxc5 {[%clk 0:57:12]} Nxc5
{[%clk 1:02:05]} 15. Qb1 {[%clk 0:51:25]} Qc3 {[%clk 1:00:41]} 16. Qc1
{[%clk 0:50:55]} Qe5 {[%clk 0:56:48]} 17. Be2 {[%clk 0:45:21]} Bf5
{[%clk 0:48:55]} 18. O-O {[%clk 0:44:44]} Qxd5 {[%clk 0:39:53]} 19. Rd1
{[%clk 0:38:00]} 1/2-1/2

[Event "Sarkany-Aranytiz GM"]
[Site "Budapest"]
[Date "2015.08.21"]
[Round "7.4"]
[White "Zhou, Yang-Fan"]
[Black "Szabo, Gergely-Andras-Gyula"]
[Result "1/2-1/2"]
[BlackElo "2551"]
[WhiteElo "2473"]
[LiveChessVersion "1.4.6"]

1. e4 {[%clk 1:28:38]} e6 {[%clk 1:29:06]} 2. d4 {[%clk 1:28:50]} d5
{[%clk 1:29:30]} 3. Nd2 {[%clk 1:29:16]} c5 {[%clk 1:29:51]} 4. Ngf3
{[%clk 1:29:38]} cxd4 {[%clk 1:30:06]} 5. Nxd4 {[%clk 1:30:03]} Nf6
{[%clk 1:30:27]} 6. exd5 {[%clk 1:30:11]} Nxd5 {[%clk 1:30:49]} 7. N2f3
{[%clk 1:25:44]} Bb4+ {[%clk 1:26:49]} 8. Bd2 {[%clk 1:24:00]} O-O
{[%clk 1:26:06]} 9. c4 {[%clk 1:12:33]} e5 {[%clk 1:20:11]} 10. cxd5
{[%clk 1:05:34]} Bxd2+ {[%clk 1:19:34]} 11. Qxd2 {[%clk 1:06:00]} exd4
{[%clk 1:19:23]} 12. Bc4 {[%clk 0:57:02]} Re8+ {[%clk 1:11:35]} 13. Kf1
{[%clk 0:57:30]} Bg4 {[%clk 0:54:56]} 14. Nxd4 {[%clk 0:57:52]} Nd7
{[%clk 0:55:01]} 15. f3 {[%clk 0:50:53]} Ne5 {[%clk 0:44:09]} 16. Bb3
{[%clk 0:49:19]} Qf6 {[%clk 0:40:28]} 17. Kf2 {[%clk 0:43:26]} Qh4+
{[%clk 0:34:10]} 18. g3 {[%clk 0:41:17]} Qf6 {[%clk 0:29:44]} 19. f4
{[%clk 0:41:42]} Qh6 {[%clk 0:28:24]} 20. h4 {[%clk 0:32:08]} Nd7
{[%clk 0:19:37]} 21. Rhe1 {[%clk 0:26:46]} Nc5 {[%clk 0:16:53]} 22. Bc2
{[%clk 0:22:33]} Red8 {[%clk 0:13:36]} 23. Nb3 {[%clk 0:15:31]} Qb6
{[%clk 0:10:46]} 24. Qe3 {[%clk 0:14:43]} Na4 {[%clk 0:11:11]} 25. Qxb6
{[%clk 0:12:22]} axb6 {[%clk 0:10:43]} 26. Re7 {[%clk 0:09:52]} Rxd5
{[%clk 0:09:25]} 27. Rae1 {[%clk 0:07:46]} g6 {[%clk 0:08:18]} 28. Be4
{[%clk 0:05:04]} Rd6 {[%clk 0:08:18]} 29. Bxb7 {[%clk 0:04:29]} Ra7
{[%clk 0:08:14]} 30. Bf3 {[%clk 0:03:15]} Rxe7 {[%clk 0:08:35]} 31. Rxe7
{[%clk 0:03:42]} Bxf3 {[%clk 0:08:53]} 32. Kxf3 {[%clk 0:04:06]} Nxb2
{[%clk 0:07:58]} 33. Re4 {[%clk 0:03:17]} Rd3+ {[%clk 0:06:54]} 34. Re3
{[%clk 0:02:12]} Rd6 {[%clk 0:06:54]} 35. Ke4 1/2-1/2

[Event "Sarkany-Aranytiz GM"]
[Site "Budapest"]
[Date "2015.08.21"]
[Round "7.5"]
[White "Torma, Robert"]
[Black "Kovacs, Gabor"]
[Result "1/2-1/2"]
[BlackElo "2489"]
[WhiteElo "2434"]
[LiveChessVersion "1.4.6"]

1. d4 {[%clk 1:30:25]} d5 {[%clk 1:30:26]} 2. c4 {[%clk 1:30:51]} e6
{[%clk 1:30:53]} 3. Nc3 {[%clk 1:31:16]} Be7 {[%clk 1:31:20]} 4. cxd5
{[%clk 1:31:41]} exd5 {[%clk 1:31:47]} 5. Bf4 {[%clk 1:32:02]} c6
{[%clk 1:32:15]} 6. e3 {[%clk 1:32:18]} Bd6 {[%clk 1:32:04]} 7. Bg3
{[%clk 1:32:12]} Ne7 {[%clk 1:31:46]} 8. Nf3 {[%clk 1:32:17]} Bf5
{[%clk 1:30:30]} 9. Nh4 {[%clk 1:30:56]} Be6 {[%clk 1:19:36]} 10. Bd3
{[%clk 1:30:39]} Bxg3 {[%clk 1:13:43]} 11. hxg3 {[%clk 1:31:00]} Qb6
{[%clk 1:14:10]} 12. Qc2 {[%clk 1:25:30]} Nd7 {[%clk 1:11:40]} 13. Nf3
{[%clk 1:20:16]} h6 {[%clk 1:11:13]} 14. a3 {[%clk 1:05:48]} Qc7 {[%clk 0:49:45]}
15. b4 {[%clk 0:48:07]} a5 {[%clk 0:47:52]} 16. Rb1 {[%clk 0:37:59]} axb4
{[%clk 0:42:24]} 17. axb4 {[%clk 0:38:25]} Qd6 {[%clk 0:42:50]} 18. Na4
{[%clk 0:34:17]} O-O {[%clk 0:36:42]} 19. Nc5 {[%clk 0:32:44]} b6
{[%clk 0:37:04]} 20. Nxd7 {[%clk 0:31:42]} Bxd7 {[%clk 0:37:27]} 21. Ne5
{[%clk 0:30:34]} Rfc8 {[%clk 0:34:20]} 22. O-O {[%clk 0:26:55]} Be8
{[%clk 0:33:13]} 23. Qb2 {[%clk 0:19:45]} Ra4 {[%clk 0:30:43]} 24. Bc2
{[%clk 0:19:26]} Ra7 {[%clk 0:31:00]} 25. Ra1 {[%clk 0:18:41]} Rca8
{[%clk 0:26:50]} 26. Rxa7 {[%clk 0:17:25]} Rxa7 {[%clk 0:27:19]} 27. Ra1
{[%clk 0:16:44]} Qb8 {[%clk 0:27:44]} 28. Rxa7 {[%clk 0:14:40]} Qxa7
{[%clk 0:28:13]} 29. Qc3 {[%clk 0:13:54]} Kf8 {[%clk 0:25:56]} 30. Nd3
{[%clk 0:12:47]} Qa6 {[%clk 0:17:42]} 31. Nc1 {[%clk 0:06:21]} Bd7
{[%clk 0:13:45]} 32. Bd3 {[%clk 0:06:20]} Qa4 {[%clk 0:14:09]} 33. Bc2
{[%clk 0:06:35]} Qa6 {[%clk 0:14:36]} 34. Bd3 {[%clk 0:07:02]} Qa4
{[%clk 0:15:03]} 35. Bc2 {[%clk 0:07:30]} 1/2-1/2

[Event "Sarkany-Aranytiz GM"]
[Site "Budapest"]
[Date "2015.08.22"]
[Round "8.2"]
[White "Szabo, Gergely-Andras-Gyula"]
[Black "Rajlich, Iweta"]
[Result "1-0"]
[BlackElo "2392"]
[WhiteElo "2551"]
[LiveChessVersion "1.4.6"]

1. e4 {[%clk 1:30:15]} e6 {[%clk 1:30:00]} 2. d4 {[%clk 1:30:39]} d5
{[%clk 1:30:28]} 3. Nd2 {[%clk 1:31:03]} Be7 {[%clk 1:30:55]} 4. Ngf3
{[%clk 1:30:47]} Nf6 {[%clk 1:31:14]} 5. e5 {[%clk 1:30:57]} Nfd7
{[%clk 1:31:40]} 6. Bd3 {[%clk 1:31:17]} b6 {[%clk 1:31:22]} 7. O-O
{[%clk 1:29:13]} c5 {[%clk 1:31:17]} 8. c4 {[%clk 1:16:38]} Bb7 {[%clk 1:27:50]}
9. cxd5 {[%clk 1:14:06]} Bxd5 {[%clk 1:27:29]} 10. Be4 {[%clk 1:14:03]} O-O
{[%clk 1:21:52]} 11. Bxd5 {[%clk 0:57:09]} exd5 {[%clk 1:21:26]} 12. Qe2
{[%clk 0:57:34]} Re8 {[%clk 1:10:00]} 13. Rd1 {[%clk 0:54:00]} Nc6
{[%clk 1:04:17]} 14. Nb3 {[%clk 0:38:01]} c4 {[%clk 0:52:34]} 15. Nbd2
{[%clk 0:38:26]} b5 {[%clk 0:52:53]} 16. Nf1 {[%clk 0:38:06]} Nf8
{[%clk 0:52:53]} 17. Ne3 {[%clk 0:34:43]} Qd7 {[%clk 0:53:14]} 18. h4
{[%clk 0:30:45]} Rad8 {[%clk 0:48:23]} 19. h5 {[%clk 0:28:08]} f6
{[%clk 0:43:49]} 20. a4 {[%clk 0:20:12]} bxa4 {[%clk 0:42:59]} 21. Bd2
{[%clk 0:18:47]} h6 {[%clk 0:36:33]} 22. g4 {[%clk 0:17:14]} Ne6 {[%clk 0:34:52]}
23. Nf5 {[%clk 0:17:27]} Nexd4 {[%clk 0:33:30]} 24. N3xd4 {[%clk 0:17:04]} Nxd4
{[%clk 0:33:56]} 25. Nxd4 {[%clk 0:17:24]} fxe5 {[%clk 0:34:21]} 26. Nf5
{[%clk 0:14:56]} Qb5 {[%clk 0:19:52]} 27. Qxe5 {[%clk 0:11:27]} Bf8
{[%clk 0:18:30]} 28. Qc3 {[%clk 0:09:44]} Re4 {[%clk 0:18:32]} 29. Qf3
{[%clk 0:09:44]} Qxb2 {[%clk 0:16:00]} 30. Bc3 {[%clk 0:09:51]} Qc2
{[%clk 0:12:26]} 31. Nd4 {[%clk 0:08:23]} Rxg4+ {[%clk 0:10:31]} 32. Qxg4
{[%clk 0:08:38]} Qxc3 {[%clk 0:10:59]} 33. Rxa4 {[%clk 0:05:28]} a5
{[%clk 0:04:55]} 34. Qf3 {[%clk 0:03:17]} Qxf3 {[%clk 0:04:56]} 35. Nxf3
{[%clk 0:03:44]} Bb4 {[%clk 0:05:22]} 36. Nd4 {[%clk 0:03:45]} Kf7
{[%clk 0:03:47]} 37. Nc6 {[%clk 0:03:54]} Rc8 {[%clk 0:03:54]} 38. Nxb4
{[%clk 0:02:37]} axb4 {[%clk 0:04:23]} 39. Rxb4 {[%clk 0:03:02]} c3
{[%clk 0:01:45]} 40. Kf1 {[%clk 0:32:14]} Ke6 {[%clk 0:31:58]} 41. Ke2
{[%clk 0:32:29]} 1-0

[Event "Sarkany-Aranytiz GM"]
[Site "Budapest"]
[Date "2015.08.22"]
[Round "8.3"]
[White "Prasanna, Raghuram Rao"]
[Black "Zhou, Yang-Fan"]
[Result "1-0"]
[BlackElo "2473"]
[WhiteElo "2424"]
[LiveChessVersion "1.4.6"]

1. e4 {[%clk 1:30:27]} c5 {[%clk 1:28:52]} 2. Nf3 {[%clk 1:30:51]} Nc6
{[%clk 1:29:07]} 3. Bb5 {[%clk 1:31:13]} g6 {[%clk 1:29:12]} 4. O-O
{[%clk 1:31:36]} Bg7 {[%clk 1:29:22]} 5. Bxc6 {[%clk 1:32:01]} bxc6
{[%clk 1:29:46]} 6. Re1 {[%clk 1:32:26]} Rb8 {[%clk 1:29:37]} 7. c3
{[%clk 1:31:48]} Nf6 {[%clk 1:28:51]} 8. d4 {[%clk 1:32:11]} cxd4
{[%clk 1:27:42]} 9. cxd4 {[%clk 1:32:35]} O-O {[%clk 1:16:36]} 10. Nc3
{[%clk 1:33:02]} d6 {[%clk 1:12:56]} 11. b3 {[%clk 1:33:27]} Bg4 {[%clk 1:12:35]}
12. h3 {[%clk 1:27:12]} Bxf3 {[%clk 1:12:56]} 13. Qxf3 {[%clk 1:27:37]} Nd7
{[%clk 1:12:59]} 14. Rd1 {[%clk 1:23:40]} c5 {[%clk 1:05:10]} 15. Be3
{[%clk 1:23:58]} Rc8 {[%clk 1:02:06]} 16. Rac1 {[%clk 1:20:10]} cxd4
{[%clk 0:53:04]} 17. Bxd4 {[%clk 1:20:32]} Bxd4 {[%clk 0:52:55]} 18. Rxd4
{[%clk 1:20:57]} Qb6 {[%clk 0:52:48]} 19. Rcd1 {[%clk 1:13:04]} Nf6
{[%clk 0:48:45]} 20. Qe3 {[%clk 1:07:18]} Rc7 {[%clk 0:42:58]} 21. Nd5
{[%clk 1:01:47]} Nxd5 {[%clk 0:43:18]} 22. exd5 {[%clk 1:02:15]} Kg7
{[%clk 0:43:01]} 23. Qf3 {[%clk 0:42:22]} Rc2 {[%clk 0:34:48]} 24. Re4
{[%clk 0:36:31]} e5 {[%clk 0:33:08]} 25. dxe6 {[%clk 0:35:56]} fxe6
{[%clk 0:33:33]} 26. Rf4 {[%clk 0:36:22]} Rxf4 {[%clk 0:33:22]} 27. Qxf4
{[%clk 0:36:51]} e5 {[%clk 0:33:46]} 28. Qh4 {[%clk 0:37:19]} Qc7
{[%clk 0:27:54]} 29. Rd3 {[%clk 0:36:04]} Qd7 {[%clk 0:12:14]} 30. a4
{[%clk 0:30:12]} Rc8 {[%clk 0:09:30]} 31. Qb4 {[%clk 0:29:09]} Rd8
{[%clk 0:07:35]} 32. Rd5 {[%clk 0:26:32]} Qc7 {[%clk 0:04:57]} 33. Qd2
{[%clk 0:26:29]} Rd7 {[%clk 0:03:55]} 34. b4 {[%clk 0:23:57]} Kf6
{[%clk 0:01:25]} 35. b5 {[%clk 0:23:38]} Ke6 {[%clk 0:01:32]} 36. Qa2
{[%clk 0:21:39]} Ke7 {[%clk 0:02:00]} 37. Qa3 {[%clk 0:20:33]} Ke6
{[%clk 0:01:47]} 38. Qb3 {[%clk 0:19:48]} Ke7 {[%clk 0:02:16]} 39. g3
{[%clk 0:19:40]} Rd8 {[%clk 0:01:45]} 40. Rd3 {[%clk 0:49:33]} Qb6
{[%clk 0:30:36]} 41. Rc3 {[%clk 0:39:37]} Qb7 {[%clk 0:30:29]} 42. Qb4
{[%clk 0:34:39]} Rc8 {[%clk 0:26:56]} 43. Qh4+ {[%clk 0:34:05]} Ke8
{[%clk 0:24:59]} 44. Rxc8+ {[%clk 0:34:28]} Qxc8 {[%clk 0:25:24]} 45. Qxh7
{[%clk 0:34:54]} Qc5 {[%clk 0:22:02]} 46. Qxg6+ {[%clk 0:35:14]} Kd7
{[%clk 0:21:22]} 47. h4 {[%clk 0:35:19]} Qd4 {[%clk 0:21:30]} 48. Qf7+
{[%clk 0:31:51]} Kd8 {[%clk 0:21:01]} 49. h5 {[%clk 0:31:35]} e4 {[%clk 0:21:25]}
50. Qf4 {[%clk 0:30:48]} d5 {[%clk 0:19:21]} 51. h6 {[%clk 0:31:08]} Kd7
{[%clk 0:16:28]} 52. h7 {[%clk 0:30:35]} Qd1+ {[%clk 0:16:31]} 53. Kh2
{[%clk 0:30:42]} 1-0

[Event "Sarkany-Aranytiz GM"]
[Site "Budapest"]
[Date "2015.08.22"]
[Round "8.4"]
[White "Balog, Imre"]
[Black "Horvath, Csaba"]
[Result "1/2-1/2"]
[BlackElo "2540"]
[WhiteElo "2537"]
[LiveChessVersion "1.4.6"]

1. d4 {[%clk 1:25:56]} Nf6 {[%clk 1:30:23]} 2. c4 {[%clk 1:25:55]} g6
{[%clk 1:30:48]} 3. g3 {[%clk 1:26:22]} c6 {[%clk 1:31:04]} 4. Bg2
{[%clk 1:26:47]} d5 {[%clk 1:31:30]} 5. cxd5 {[%clk 1:27:08]} cxd5
{[%clk 1:31:55]} 6. Nf3 {[%clk 1:27:35]} Bg7 {[%clk 1:32:18]} 7. O-O
{[%clk 1:28:00]} O-O {[%clk 1:32:42]} 8. Ne5 {[%clk 1:28:12]} e6 {[%clk 1:33:04]}
9. Nc3 {[%clk 1:28:38]} Nfd7 {[%clk 1:33:31]} 10. Nf3 {[%clk 1:29:04]} Nf6
{[%clk 1:33:56]} 11. Ne5 {[%clk 1:29:24]} Nfd7 {[%clk 1:34:18]} 12. Nf3
{[%clk 1:29:45]} Nf6 {[%clk 1:34:41]} 13. Ne5 {[%clk 1:30:09]} 1/2-1/2

[Event "Sarkany-Aranytiz GM"]
[Site "Budapest"]
[Date "2015.08.23"]
[Round "9.1"]
[White "Almasi, Istvan"]
[Black "Kovacs, Gabor"]
[Result "1/2-1/2"]
[BlackElo "2489"]
[WhiteElo "2405"]
[LiveChessVersion "1.4.6"]

1. Nf3 {[%clk 1:27:38]} d5 {[%clk 1:30:06]} 2. g3 {[%clk 1:27:31]} Nf6
{[%clk 1:30:32]} 3. Bg2 {[%clk 1:27:56]} e6 {[%clk 1:30:59]} 4. O-O
{[%clk 1:28:12]} Be7 {[%clk 1:31:26]} 5. d4 {[%clk 1:28:19]} O-O {[%clk 1:31:51]}
6. c4 {[%clk 1:28:46]} dxc4 {[%clk 1:32:19]} 7. Ne5 {[%clk 1:28:58]} Nc6
{[%clk 1:32:46]} 8. Bxc6 {[%clk 1:29:12]} bxc6 {[%clk 1:33:13]} 9. Nxc6
{[%clk 1:29:36]} Qe8 {[%clk 1:33:41]} 10. Nxe7+ {[%clk 1:30:01]} Qxe7
{[%clk 1:34:09]} 11. Na3 {[%clk 1:30:21]} c5 {[%clk 1:33:20]} 12. dxc5
{[%clk 1:28:10]} Qxc5 {[%clk 1:33:46]} 13. Be3 {[%clk 1:28:36]} Qh5
{[%clk 1:33:56]} 14. f3 {[%clk 1:28:18]} c3 {[%clk 1:34:03]} 15. bxc3
{[%clk 1:28:45]} Qa5 {[%clk 1:34:00]} 16. Qc1 {[%clk 1:28:21]} Ba6
{[%clk 1:34:01]} 17. c4 {[%clk 1:28:44]} Rfc8 {[%clk 1:33:26]} 18. Rd1
{[%clk 1:29:02]} Rc7 {[%clk 1:29:05]} 19. Rd3 {[%clk 1:17:49]} Nd5
{[%clk 1:20:21]} 20. Bd4 {[%clk 1:10:03]} f6 {[%clk 1:02:03]} 21. Qd2
{[%clk 0:53:28]} Qxd2 {[%clk 1:02:25]} 22. Rxd2 {[%clk 0:53:57]} Bxc4
{[%clk 0:54:28]} 23. e4 {[%clk 0:52:37]} Nb4 {[%clk 0:54:55]} 24. Rc1
{[%clk 0:52:03]} Rac8 {[%clk 0:55:13]} 25. Rxc4 {[%clk 0:52:03]} Rxc4
{[%clk 0:55:40]} 26. Nxc4 {[%clk 0:52:23]} Rxc4 {[%clk 0:56:09]} 27. Bxa7
{[%clk 0:52:47]} Rc3 {[%clk 0:51:32]} 28. Kf2 {[%clk 0:32:16]} Ra3
{[%clk 0:36:01]} 29. Be3 {[%clk 0:30:00]} h5 {[%clk 0:29:14]} 30. Ke2
{[%clk 0:23:58]} Nxa2 {[%clk 0:24:23]} 31. Bc5 {[%clk 0:23:58]} Rc3
{[%clk 0:17:33]} 32. Bd4 {[%clk 0:21:15]} Nc1+ {[%clk 0:14:32]} 33. Kd1
{[%clk 0:20:26]} Rc4 {[%clk 0:14:32]} 34. Bb2 {[%clk 0:13:07]} Nb3
{[%clk 0:14:27]} 35. Rd8+ {[%clk 0:13:32]} Kh7 {[%clk 0:14:37]} 36. e5
{[%clk 0:12:26]} Kg6 {[%clk 0:09:52]} 37. Rd6 {[%clk 0:07:00]} Kf5
{[%clk 0:07:57]} 38. exf6 {[%clk 0:06:22]} gxf6 {[%clk 0:08:25]} 39. h3
{[%clk 0:06:20]} e5 {[%clk 0:06:11]} 40. g4+ {[%clk 0:33:51]} hxg4
{[%clk 0:36:37]} 41. fxg4+ {[%clk 0:29:18]} Kg5 {[%clk 0:37:02]} 42. Rb6
{[%clk 0:28:08]} Nc5 {[%clk 0:35:15]} 43. Bc1+ {[%clk 0:19:37]} Kg6
{[%clk 0:29:28]} 44. Be3 {[%clk 0:19:09]} Na4 {[%clk 0:24:06]} 45. Rd6
{[%clk 0:14:01]} Nb2+ {[%clk 0:23:54]} 46. Ke2 {[%clk 0:10:29]} Rc3
{[%clk 0:21:30]} 47. Bd2 {[%clk 0:08:10]} Rxh3 {[%clk 0:12:59]} 48. g5
{[%clk 0:08:27]} Nc4 {[%clk 0:13:14]} 49. Rxf6+ {[%clk 0:08:28]} Kg7
{[%clk 0:13:43]} 50. Bb4 1/2-1/2

[Event "Sarkany-Aranytiz GM"]
[Site "Budapest"]
[Date "2015.08.23"]
[Round "9.2"]
[White "Horvath, Csaba"]
[Black "Torma, Robert"]
[Result "0-1"]
[BlackElo "2434"]
[WhiteElo "2540"]
[LiveChessVersion "1.4.6"]

1. d4 {[%clk 1:30:26]} d5 {[%clk 1:30:26]} 2. c4 {[%clk 1:30:42]} e6
{[%clk 1:30:50]} 3. Nf3 {[%clk 1:30:12]} Nf6 {[%clk 1:31:14]} 4. e3
{[%clk 1:30:34]} c5 {[%clk 1:31:12]} 5. cxd5 {[%clk 1:30:10]} exd5
{[%clk 1:31:02]} 6. Bb5+ {[%clk 1:30:08]} Bd7 {[%clk 1:24:03]} 7. Bxd7+
{[%clk 1:30:20]} Nbxd7 {[%clk 1:23:24]} 8. dxc5 {[%clk 1:30:26]} Nxc5
{[%clk 1:21:30]} 9. O-O {[%clk 1:30:40]} Be7 {[%clk 1:19:47]} 10. Nc3
{[%clk 1:27:42]} O-O {[%clk 1:18:25]} 11. b3 {[%clk 1:25:31]} Qd7
{[%clk 1:07:00]} 12. Bb2 {[%clk 1:23:05]} Rfd8 {[%clk 1:04:11]} 13. Ne2
{[%clk 1:15:58]} a5 {[%clk 0:51:38]} 14. Rc1 {[%clk 1:13:22]} Qb5
{[%clk 0:46:30]} 15. Nfd4 {[%clk 0:57:28]} Qa6 {[%clk 0:41:41]} 16. Nf5
{[%clk 0:48:21]} Bf8 {[%clk 0:41:26]} 17. Nf4 {[%clk 0:48:45]} Rac8
{[%clk 0:35:43]} 18. Qd4 {[%clk 0:45:14]} Rc6 {[%clk 0:31:20]} 19. Nxg7
{[%clk 0:37:56]} Bxg7 {[%clk 0:21:00]} 20. Rxc5 {[%clk 0:38:14]} Nh5
{[%clk 0:18:56]} 21. Rxc6 {[%clk 0:16:26]} Qxc6 {[%clk 0:17:23]} 22. Qd2
{[%clk 0:14:20]} Nxf4 {[%clk 0:17:47]} 23. exf4 {[%clk 0:08:50]} Bxb2
{[%clk 0:18:09]} 24. Qxb2 {[%clk 0:09:18]} d4 {[%clk 0:18:22]} 25. Qd2
{[%clk 0:07:59]} Qb5 {[%clk 0:14:33]} 26. Re1 {[%clk 0:07:26]} d3
{[%clk 0:13:05]} 27. h3 {[%clk 0:07:07]} b6 {[%clk 0:09:54]} 28. Re3
{[%clk 0:05:52]} Rd6 {[%clk 0:05:43]} 29. Rg3+ {[%clk 0:02:55]} Kf8
{[%clk 0:06:02]} 30. Rf3 {[%clk 0:02:56]} Qb4 {[%clk 0:04:45]} 31. Qd1
{[%clk 0:02:14]} d2 {[%clk 0:04:26]} 32. Kh2 {[%clk 0:02:21]} Qc5
{[%clk 0:02:48]} 33. Re3 {[%clk 0:02:20]} Qc1 {[%clk 0:02:17]} 34. Qe2
{[%clk 0:02:40]} d1=Q {[%clk 0:01:36]} 35. Re8+ {[%clk 0:03:07]} Kg7
{[%clk 0:02:01]} 36. Qe5+ {[%clk 0:03:29]} Rf6 {[%clk 0:02:06]} 37. Qg5+
{[%clk 0:02:25]} Rg6 {[%clk 0:02:32]} 38. Qe5+ {[%clk 0:02:52]} Kh6
{[%clk 0:02:43]} 0-1

[Event "Sarkany-Aranytiz GM"]
[Site "Budapest"]
[Date "2015.08.23"]
[Round "9.3"]
[White "Zhou, Yang-Fan"]
[Black "Balog, Imre"]
[Result "1/2-1/2"]
[BlackElo "2537"]
[WhiteElo "2473"]
[LiveChessVersion "1.4.6"]

1. e4 e6 {[%clk 1:23:01]} 2. d4 {[%clk 1:29:58]} d5 {[%clk 1:23:27]} 3. Nd2
{[%clk 1:30:24]} Nc6 {[%clk 1:23:34]} 4. Ngf3 {[%clk 1:30:46]} Nf6
{[%clk 1:23:55]} 5. e5 {[%clk 1:31:13]} Nd7 {[%clk 1:24:19]} 6. c4
{[%clk 1:31:38]} dxc4 {[%clk 1:24:05]} 7. Nxc4 {[%clk 1:31:52]} Nb6
{[%clk 1:23:05]} 8. a3 {[%clk 1:32:17]} h6 {[%clk 1:19:14]} 9. Be3
{[%clk 1:31:46]} Ne7 {[%clk 1:18:44]} 10. Rc1 {[%clk 1:31:17]} Bd7
{[%clk 1:17:38]} 11. Na5 {[%clk 1:31:16]} Rb8 {[%clk 1:17:53]} 12. Bd3
{[%clk 1:30:41]} Nbd5 {[%clk 1:15:29]} 13. O-O {[%clk 1:24:40]} b6
{[%clk 1:10:42]} 14. Nc4 {[%clk 1:24:28]} g6 {[%clk 1:10:10]} 15. Ncd2
{[%clk 0:59:36]} Bg7 {[%clk 1:03:03]} 16. Ne4 {[%clk 0:59:59]} Nf5
{[%clk 1:03:29]} 17. Bd2 {[%clk 0:58:03]} O-O {[%clk 1:02:07]} 18. Re1
{[%clk 0:56:18]} Bc8 {[%clk 1:02:15]} 19. Qa4 {[%clk 0:50:35]} a6
{[%clk 1:02:05]} 20. Nf6+ {[%clk 0:34:37]} Nxf6 {[%clk 0:57:37]} 21. exf6
{[%clk 0:35:01]} Qxf6 {[%clk 0:58:02]} 22. Rxc7 {[%clk 0:33:02]} Qd8
{[%clk 0:55:59]} 23. Qc6 {[%clk 0:18:21]} Nxd4 {[%clk 0:48:41]} 24. Nxd4
{[%clk 0:18:46]} Qxd4 {[%clk 0:49:09]} 25. Bb4 {[%clk 0:18:23]} Rd8
{[%clk 0:49:17]} 26. Bxg6 {[%clk 0:17:38]} Qd5 {[%clk 0:44:22]} 27. Bxf7+
{[%clk 0:16:32]} Kh8 {[%clk 0:44:47]} 28. Qxd5 {[%clk 0:05:56]} exd5
{[%clk 0:44:50]} 29. h3 {[%clk 0:01:41]} Bf5 {[%clk 0:44:23]} 30. Be7
{[%clk 0:01:49]} Rd7 {[%clk 0:43:42]} 31. Rxd7 Bxd7 {[%clk 0:44:10]} 32. Bxd5
{[%clk 0:02:00]} Bxb2 {[%clk 0:44:38]} 33. f4 {[%clk 0:01:47]} Re8
{[%clk 0:43:45]} 34. Bf7 {[%clk 0:01:39]} Rc8 {[%clk 0:44:13]} 35. Be6
{[%clk 0:01:14]} Bxe6 {[%clk 0:43:34]} 36. Rxe6 {[%clk 0:01:39]} Kg7
{[%clk 0:44:01]} 37. Kf2 {[%clk 0:00:44]} Kf7 {[%clk 0:43:59]} 38. Re2
{[%clk 0:00:51]} Bc1 {[%clk 0:43:40]} 39. Bd6 {[%clk 0:00:38]} Rc6
{[%clk 0:42:35]} 40. Be5 {[%clk 0:30:33]} Bxa3 {[%clk 1:12:50]} 41. Ra2
{[%clk 0:30:10]} Bc5+ {[%clk 1:12:24]} 42. Kf3 {[%clk 0:30:34]} a5
{[%clk 1:12:42]} 43. g4 {[%clk 0:30:10]} Be7 {[%clk 1:12:36]} 44. Ke4
{[%clk 0:25:38]} Rc4+ {[%clk 1:12:19]} 45. Kf5 {[%clk 0:25:21]} Rc5
{[%clk 1:11:08]} 46. h4 {[%clk 0:22:33]} Bf6 {[%clk 1:07:22]} 47. Rd2
{[%clk 0:21:39]} a4 {[%clk 1:06:43]} 48. Rd7+ {[%clk 0:20:05]} Ke8
{[%clk 1:06:52]} 49. Rb7 {[%clk 0:19:14]} Bxe5 {[%clk 1:05:25]} 50. fxe5
{[%clk 0:19:39]} a3 {[%clk 1:05:53]} 51. Rxb6 {[%clk 0:19:12]} Ra5
{[%clk 1:06:04]} 52. Ke6 {[%clk 0:17:04]} Ra8 {[%clk 1:06:30]} 53. Rb1
{[%clk 0:16:50]} a2 {[%clk 1:06:42]} 54. Ra1 {[%clk 0:17:16]} Ra6+
{[%clk 1:06:49]} 55. Kf5 {[%clk 0:17:02]} Ke7 {[%clk 1:07:09]} 56. e6
{[%clk 0:13:34]} Ra4 {[%clk 1:06:22]} 57. g5 {[%clk 0:11:15]} hxg5
{[%clk 1:06:43]} 58. h5 {[%clk 0:09:28]} g4 {[%clk 1:05:30]} 59. h6
{[%clk 0:09:12]} g3 {[%clk 1:05:58]} 60. h7 {[%clk 0:08:15]} Rh4 {[%clk 1:06:26]}
61. Rxa2 {[%clk 0:07:57]} g2 {[%clk 1:06:55]} 62. Ra7+ {[%clk 0:06:16]} Ke8
{[%clk 1:06:46]} 63. Ra8+ {[%clk 0:06:18]} Ke7 {[%clk 1:07:15]} 64. Ra7+
{[%clk 0:06:33]} Ke8 {[%clk 1:07:43]} 65. Rg7 {[%clk 0:06:50]} Rxh7
{[%clk 1:08:02]} 66. Rxg2 {[%clk 0:06:43]} Rh1 {[%clk 1:08:30]} 67. Kf6
{[%clk 0:06:20]} Rf1+ {[%clk 1:08:54]} 68. Ke5 1/2-1/2